| 000 | 00733nam a22002297a 4500 | ||
|---|---|---|---|
| 005 | 20240530110929.0 | ||
| 008 | 220214s2006 ua g 000 p ara d | ||
| 017 |
_bمصر. دار الكتب _a2006/24446 |
||
| 020 | _a9774371356 | ||
| 040 |
_aEG-CaGPL _cEG-CaGPL |
||
| 082 | 0 | 4 |
_221 _a811.9/ _bل ص |
| 100 | 0 | _aلجنة الشعر | |
| 245 | 1 | 0 |
_aصلاح جاهين : _bرؤى ودراسات / _cلجنة الشعر |
| 250 | _aط. 1 | ||
| 260 |
_aالقاهرة : _bالمجلس الاعلى للثقافة، _c2006 |
||
| 300 |
_a218 ص. ؛ _c24 سم |
||
| 600 | 0 | _aصلاح جاهين | |
| 650 | 0 | 7 |
_2qrmak _aالشعر العربى |
| 651 | _2qrmak | ||
| 942 |
_2ddc _cBK |
||
| 999 |
_c66624 _d66624 |
||